000 00590nam a22001697a 4500
003 NUST
038 _aNusrat Nadeem
082 _a200
100 _aSajal, Iqra
_9125713
245 _aExploring The Impact of AI in Disease Detection and Analyzing the Landscape of Health Infrastructure in Pakistan/
_cIqra Sajal,
264 _aIslamabad;
_bS3H NUST;
_c2024.
300 _a210,p;
_bill;
_c30,cm.
650 _aMS-Government and Public Policy
_9125323
700 _aSupervisor: Dr. Ume Laila Shah
_9120207
856 _uhttp://10.250.8.41:8080/xmlui/handle/123456789/46386
942 _2ddc
_cSC
999 _c611415
_d611415